Guess the Taylor Swift Song (Debut) 9 - Statistics

General Stats
  • This quiz has been taken 6 times
  • The average score is 168 of 245
Answer Stats
Answer % Correct
a
100%
as
100%
away
100%
been
100%
cold
100%
I
100%
I've
100%
never
100%
to
100%
when
100%
You
100%
you
100%
you,
100%
Ain't
67%
all
67%
And
67%
and
67%
anywhere
67%
best
67%
But
67%
cause
67%
come
67%
coming
67%
cried,
67%
cried
67%
damn
67%
day
67%
did
67%
do
67%
every
67%
fake
67%
feel
67%
fight
67%
for
67%
give
67%
have
67%
here
67%
if
67%
I'm
67%
is
67%
it
67%
Just
67%
know
67%
loving
67%
made
67%
me
67%
mess
67%
need
67%
no
67%
not
67%
now
67%
Now
67%
of
67%
Of
67%
put
67%
say
67%
So
67%
so
67%
somethin'
67%
take,
67%
take
67%
that
67%
the
67%
them
67%
there
67%
thing,
67%
told
67%
up
67%
use
67%
very
67%
walk
67%
want
67%
what
67%
What
67%
will
67%
with
67%
wouldn't
67%
you've
67%
adore
33%
condescending
33%
Countin'
33%
defending
33%
died,
33%
died
33%
Died
33%
dreamer
33%
easily
33%
ending
33%
given
33%
gray
33%
great
33%
honey
33%
little
33%
nerve
33%
nobody
33%
Oh,
33%
paint
33%
perfect
33%
rainy
33%
scars
33%
shade
33%
shame
33%
sittin'
33%
smile
33%
start
33%
stood
33%
story
33%
thinkin'
33%
through
33%
walls
33%
wanted
33%
way
33%
wished
33%
words
33%
No matching quizzes found
Score Distribution
Percent of People with Each Score
Percentile by Number Answered
Your Score History
You have not taken this quiz